000 00891nam a2200205 i 4500
001 17756
003 ES-MaACL
005 20251106063127.0
007 t|
008 010517s1910 sp ||||1| spa d
080 _a929 Aguirre de Tejada, Manuel, Conde de Tejada de Valdosera
100 1 _aAguirre de Tejada O'Neale y Eulate, Manuel,
_cConde de Tejada de Valdosera
_918868
245 1 0 _aNecrología del Excmo. Señor D. Plácido de Jove y Hevia, vizconde de Campo-Grande... /
_cleída ... por el ... Conde de Tejada de Valdosera.
260 _aMadrid :
_b[s.n.],
_c1910 (
_fEstablecimiento Tipográfico de Jaime Ratés Martín)
300 _a16 p. ;
_c26 cm.
600 1 4 _aJove y Hevia, Plácido de,
_cVizconde de Campo Grande
_967050
710 2 _aReal Academia de Ciencias Morales y Políticas (España)
_9222050
852 _aES-MaACL
_j2165-F-12
999 _c17756
_d17756